• 首页
  • 本馆介绍
  • 公告通知
  • 最新文献
  • 馆藏检索
  • 电子资源
  • 读者导购
  • 参考咨询
  • 我的图书馆
  • 登录
  • 详细信息显示
  • 放入我的书架
  • 预约/预借图书
  • 作者相关作品
  • 分类相关作品
  • 丛书相关作品
  • 出版社相关作品

书目信息

  • 表格格式
  • 工作单格式
  • 卡片格式
题名:
化学与人类
    
 
作者: 钟平 , 余小春 编著
分册:  
出版信息: 杭州   浙江大学出版社  2005
页数: 209页
开本: 23cm
丛书名: 普通高校通识教育丛书
单 册:
中图分类: O6-05
科图分类:
主题词: 化学--关系--社会生活--高等学校--教材 , 社会生活 , 化学
电子资源:
ISBN: 7-308-04456-4
000 00883oam2 2200277 450
001 003026394
005 20061119083155.10
010    @a7-308-04456-4@dCNY19.00
100    @a20051201d2005 em y0chiy0110 ea
101 0  @achi
102    @aCN@b330000
105    @ay z 000yy
200 1  @a化学与人类@9hua xue yu ren lei@f钟平,余小春编著
210    @a杭州@c浙江大学出版社@d2005
215    @a209页@d23cm
225 2  @a普通高校通识教育丛书
330    @a全书分11章,内容有能源、环境与环境污染、化学与环境保护、无机材料、合成高分子材料、营养与化学元素、生活与毒品及吸烟等。
461  0 @12001 @a普通高校通识教育丛书
606 0  @a化学@x关系@x社会生活@x高等学校@j教材
606 0  @a社会生活
606 0  @a化学
690    @aO6-05@v4
701  0 @a钟平@9zhong ping@f(1947~)@4编著
701  0 @a余小春@9yu xiao chun@4编著
801  0 @aCN@bNLC@c20061119
905    @a10447@dO6-05@e362
    
    化学与人类/钟平,余小春编著.-杭州:浙江大学出版社,2005
    209页;23cm.-(普通高校通识教育丛书)
    
    
    ISBN 7-308-04456-4:CNY19.00
    全书分11章,内容有能源、环境与环境污染、化学与环境保护、无机材料、合成高分子材料、营养与化学元素、生活与毒品及吸烟等。
●
相关链接 在E读中查询图书 在五车中查询图书 在当当中查询图书 在豆瓣中查询图书


正题名:化学与人类     索取号:O6-05/362         预约/预借

序号 登录号 条形码 馆藏地/架位号 状态 备注
1 0392071   203920711   第二样本阅览室/ [索取号:O6-05/362] 在馆    
2 0392072   203920720   第三借阅区/ [索取号:O6-05/362] 在馆    
3 0392073   203920739   第三借阅区/ [索取号:O6-05/362] 在馆    
4 0392074   203920748   第三借阅区/ [索取号:O6-05/362] 在馆    
5 0392075   203920757   第三借阅区/ [索取号:O6-05/362] 在馆    
唐山师范学院图书馆 欢迎您!
大连网信软件有限公司© 版权所有